| 000 | 00572nam a22001817a 4500 | ||
|---|---|---|---|
| 999 |
_c61056 _d61056 |
||
| 005 | 20231212162446.0 | ||
| 008 | 231212s1994 ru ||||| |||| 00| 0 rus d | ||
| 020 | _a5751900146 | ||
| 041 | _arus | ||
| 080 | _a94(38) П-36 | ||
| 100 |
_aПич, Сьюзан _920681 |
||
| 245 |
_aГреки / _cСьюзан Пич, Энн Миллард. |
||
| 264 |
_aМосква : _bРосмэн, _c1994. |
||
| 300 |
_a 92 с.: _bил.; _c27 см. |
||
| 653 | _aბერძნები | ||
| 700 |
_aМиллард, Энн _eავტორი _920580 |
||
| 942 |
_2udc _cᲬᲘᲒᲜᲘ |
||